000 00799nam a2200241Ia 4500
001 10079
003 GE_BSU
008 181216s||||||||xx |||||||||||||| ||und||
040 _cGE_BSU
080 _a821.353.1–1
100 _aჟურული,ვარლამ
245 _aვარდის ფურცლობა. [1924-1934]
245 _bლექსები,ლირიკა
245 _c[პ/მ რედ.ბ.ჩხეიძე.მხატვ.გაბაშვილი.]
260 _aტფილისი
260 _bსახელგამი
260 _c1935
300 _a140გვ.პორტრ.15სმ.
541 _h3ლ.
653 _aვარდის ფურცლობა
653 _aლექსები,ლირიკა
942 _cBK
999 _c43351
_d43351